00366nam a2200109Ia 4500008004100000082001900041100002100060245004100081260004200122630002800164650006400192211109s9999||||xx |||||||||||||| ||und|| a332.401bJOH-F aJohnson, Harry G 0aFurther Essays in Monetary Economics bGeorge Allen & Unwin LtdaLodonc1972 xPost Graduate Reference a Social sciencesv Economicsx Financial economicsEconomics